000 01135naa a22002777a 4500
001 BR9402404
003 BR-BrBNA
005 20250721155444.0
007 ta
008 250630b bl.|||m| |||| 00| 0 por d
040 _aBR-BrBNA
_bpor
_cBiblioteca Nacional de Agricultura
041 _a(Pt)
072 _aF30
_b1000
090 _aF30 BR9402404
100 1 _aPassos, O.S.
100 1 _aSantos Filho, H.P.
245 1 _aProposta do CNPMF/EMBRAPA para a implantacao de programas de registro de matrizes e certificacao de mudas
500 _aCitricultura brasileira: difusao de material basico e certificacao de mudas Cruz das Almas, BA (Brasil): 1992. p. 103-113 [6 tables] (BR9402404-AMS)
773 0 _tCitricultura brasileira: difusao de material basico e certificacao de mudas
_wF30 BR9402404
_gCruz das Almas, BA (Brasil), 1992. p. 103-113
650 _aFruta Citrica
650 _aVariedade
650 _aCertificacao de Muda
490 _aDocumentos - Centro Nacional de Pesquisa de Mandioca e Fruticultura Tropical (Brazil)
_vno. 38
_xISSN 0101-7411
942 _cAMS
_2AGRIS
909 _a202506
_bLúcia
_c55
_dLúcia Elande
999 _c336592
_d336592